| 000 | 00402nam a22001697a 4500 | ||
|---|---|---|---|
| 003 | OSt | ||
| 008 | 240403b |||||||| |||| 00| 0 eng d | ||
| 020 | _a9788122449990 | ||
| 082 | _a615.6 JAN | ||
| 100 | _aJAIN, AKHLESH | ||
| 245 | _aNOVEL DRUG DELIVERY SYSTEMS | ||
| 250 | _a1st | ||
| 260 |
_aNew Delhi _bNew Age _c2024 |
||
| 300 | _axii,175 | ||
| 650 | _aHARBAL DRUG TECHNOLOGY | ||
| 942 |
_2ddc _cBK |
||
| 999 |
_c12386 _d12386 |
||